Estetica del cine. Espacio fílmico, montaje, narración, lenguaje.

محفوظ في:
التفاصيل البيبلوغرافية
المؤلف الرئيسي: Aumont, Jacques (autor)
مؤلفون آخرون: Bergala, Alain (autor), Marie, Michel (autor), Vernet, Marc (autor)
التنسيق: كتاب
منشور في: Barcelona, España: Paidós, 1985.
الطبعة:Primera edición.
سلاسل:Paidós Comunicación Cine ;
الموضوعات:
الوسوم: إضافة وسم
لا توجد وسوم, كن أول من يضع وسما على هذه التسجيلة!

MARC

LEADER 00000nam a22000007a 4500
003 CL-VaPUC
005 20250407202445.0
008 250313t1985 ||||| |||| 00| 0 eng d
999 |c 447319  |d 447317 
020 |a 978-84-7509-330-7 
040 |c Pontificia Universidad Católica de Valparaíso 
082 7 |2 22  |a 791.4301 AUM 1985 
100 1 |a Aumont, Jacques  |e autor  |9 896782 
245 |a Estetica del cine.  |b Espacio fílmico, montaje, narración, lenguaje. 
250 |a Primera edición. 
260 |a Barcelona, España:  |b Paidós,   |c 1985. 
300 |a 329 páginas.  
490 |a Paidós Comunicación Cine ;  |n  17. 
500 |a c.1.-c.3. Instituto Arcos 8-1-2025. 
583 |c 20250313  |k GC 
650 |a Cine   |x Estética   |9 896783 
650 |a Cinematografía   |9 265198 
700 |a Bergala, Alain  |9 336718  |e autor 
700 |a Marie, Michel  |e autor  |9 896784 
700 |a Vernet, Marc  |e autor  |9 896785 
942 |2 ddc  |c BK  |n 0 
952 |0 0  |1 0  |2 ddc  |4 0  |6 791_430100000000000_AUM_1985  |7 0  |8 A  |9 601194  |a BIBINC  |b BIBINC  |d 2025-03-13  |e Instituto Arcos   |i 5666100  |o 791.4301 AUM 1985  |p 5666100  |r 2025-03-13  |t 1  |w 2025-03-13  |y BK  |k IFP 
952 |0 0  |1 0  |2 ddc  |4 0  |6 791_430100000000000_AUM_1985  |7 0  |8 A  |9 601195  |a BIBINC  |b BIBINC  |d 2025-03-13  |e Instituto Arcos   |i 5666101  |o 791.4301 AUM 1985  |p 5666101  |r 2025-03-13  |t 2  |w 2025-03-13  |y BK  |k IFP 
952 |0 0  |1 0  |2 ddc  |4 0  |6 791_430100000000000_AUM_1985  |7 0  |8 A  |9 601196  |a BIBINC  |b BIBINC  |d 2025-03-13  |e Instituto Arcos   |i 5666102  |o 791.4301 AUM 1985  |p 5666102  |r 2025-03-13  |t 3  |w 2025-03-13  |y BK  |k IFP